|
|
|
|
| LEADER |
01222cam a2200265 a 4500 |
| 003 |
GR-PaULI |
| 005 |
20210510094550.0 |
| 008 |
050713s2006 flua f b 001 0 eng d |
| 020 |
|
|
|a 084939645X
|
| 020 |
|
|
|a 9780849396458
|
| 040 |
|
|
|a DLC
|b gre
|c DLC
|d DLC
|d GR-AiPI
|e AACR2
|
| 082 |
0 |
4 |
|a 639.909 173 2
|2 23
|
| 100 |
1 |
|
|a Adams, Clark E.
|q (Clark Edward),
|d 1942-
|9 165634
|e συγγραφέας
|
| 245 |
1 |
0 |
|a Urban wildlife management /
|c Clark E. Adams, Kieran J. Lindsey, Sara J. Ash.
|
| 260 |
|
|
|a Boca Raton :
|b Taylor & Francis,
|c 2006.
|
| 300 |
|
|
|a 311 σ. :
|b εικ. ;
|c 25 εκ.
|
| 504 |
|
|
|a Περιλαμβάνει βιβλιογραφικές παραπομπές και ευρετήριο.
|
| 650 |
|
4 |
|a Διαχείριση άγριας ζωής
|9 165636
|
| 650 |
|
4 |
|a Αστική οικολογία
|9 61987
|
| 700 |
1 |
|
|a Lindsey, Kieran J.
|q (Kieran Jane)
|9 165637
|e συγγραφέας
|
| 700 |
1 |
|
|a Ash, Sara J.
|9 165638
|e συγγραφέας
|
| 942 |
|
|
|2 ddc
|c BK15
|
| 952 |
|
|
|0 0
|1 0
|2 ddc
|4 0
|6 639_909000000000000_173_2_ADA
|7 0
|9 217332
|a LISA
|b LISA
|c BSC
|d 2017-11-15
|i 13187
|l 0
|o 639.909 173 2 ADA
|p 026000279144
|r 2017-11-15 00:00:00
|t 1
|w 2017-11-15
|y BK15
|
| 998 |
|
|
|c ΛΟΥΚΟΠΟΥΛΟΥ
|d 2017-11
|
| 999 |
|
|
|c 131755
|d 131755
|